LIBRARY & INFORMATION CENTRE, KCAET, TAVANUR

ONLINE PUBLIC ACCESS CATALOGUE (OPAC)

Specification for unreinforced corrugated and semi corrugated asbestos cement sheets ,IS:459-1970 / (Record no. 4188)

MARC details
000 -LEADER
fixed length control field 00930cam a2200145ua 4500
041 ## - LANGUAGE CODE
Language code of text/sound track or separate title eng
082 ## - DEWEY DECIMAL CLASSIFICATION NUMBER
Classification number 691.326
Item number IND/SP
245 ## - TITLE STATEMENT
Title Specification for unreinforced corrugated and semi corrugated asbestos cement sheets ,IS:459-1970 /
260 ## - PUBLICATION, DISTRIBUTION, ETC. (IMPRINT)
Place of publication :
Name of publisher ISI ,
Year of publication 1981.
300 ## - PHYSICAL DESCRIPTION
Number of Pages 10 ; .
942 ## - ADDED ENTRY ELEMENTS (KOHA)
Koha item type Books
Holdings
Withdrawn status Lost status Damaged status Home library Current library Date acquired Full call number Accession Number Koha item type
      KAUAET   07/04/2012 691.326 17290 Books
free website counter